Mechanizace automatizace administratívy

Enregistré dans:
Détails bibliographiques
Format: Publication en série
Publié: 1974
Tags: Ajouter un tag
Pas de tags, Soyez le premier à ajouter un tag!

MARC

LEADER 00000nas a22000003a 4500
001 stu71937
005 20141121231746.9
008 011106s1974----------------------------d
040 |a STU  |b slo 
041 0
245 |a Mechanizace automatizace administratívy 
260 |c 1974 
500 |a 1974 
500 |a 12 
500 |a 1-12 
773 0 |t Mechanizace automatizace administratívy  |w stu_us_cat*stu71934  |7 nnas 
996 |d Roč. 14, 1974  |v Roč. 14  |y 1974  |l II680  |s A  |a 24  |w stu71937_0001